000 00972aaa a2200289 a 4500
001 291953
003 BLK
005 20240705133034.0
007 ta
008 221104b bu |||||r|||| 00| | bu d
040 _aBLK
041 _aBUL
_cBUL
080 _aИстория на България
_b94(497.2)
_x(092)
_z94(497.2)(092)
080 _aБиографии - България
_b929(497.2)
_z929(497.2)
100 1 _970733
_aИванов, Иван
245 _aЛевски и народът
_cИван Иванов
300 _a№ 42, 19 февр. 1973
600 1 4 _988153
_aЛевски, Васил
653 _9193002
_aосвободителни борби
653 _9195345
_aреволюционери
773 _tДунавска правда
_w291953
_7291953
856 _i0.00
_ldisable
942 _2udc
_cSTA
_n0
944 _cВиолета Тройчева
_k30552
_lВиолета Тройчева
_a30552
999 _c513365
_d513365
999 _d513265
999 _d513148